| 000 | 00392nam a2200181Ia 4500 | ||
|---|---|---|---|
| 001 | 10337 | ||
| 005 | 20260306161825.0 | ||
| 008 | 260306t1989||||xx |||||||||||||| ||spa|| | ||
| 041 | _aESP | ||
| 082 |
_a920.02 _bG32F |
||
| 100 |
_aGay, Peter _eAUT |
||
| 245 | 0 | _aFreud | |
| 260 | _c1989 | ||
| 300 |
_a917 páginas : _ccm. |
||
| 650 | _aGEN | ||
| 654 | _aCHU | ||
| 942 |
_cLIB _dJUS _fJUS _2ddc _n |
||
| 999 |
_c10337 _d10337 |
||